00961cam a2200277 450000100060000000300080000600500170001400800390003102000150007003500190008504000320010404100110013608200220014710000260016924500860019526000320028130000290031350000500034250400200039250400260041265000280043870000410046694200120050799900170051995201470053610528BD-RjUL20211208234954.0140125s1972 enka b 001 0 eng a0582440394 a(BD-RjUL)10576 aDLCcDLCdDLCdBD-RjULbeng1 aengita00a541.223bNAS 19721 aNatta, Giulio.93254500aStereochemistrycby Giulio Natta and Mario Farina; translated by Andrew Dempster. a[London :bLongmans,c1972. a253 p. :billus.c21 cm. aTranslation of Stereochimica. Molecole in 3D. aIncludes index. aBibliography: p. 247. 0aStereochemistry.9315671 aFarina, Mario,ejoint author.932546 2ddccBK c10528d10528 00102ddc40718NFICaRUCLbRUCLcReadingd1977-05-16eHeffers and Sons.g2.40l0o541.223 NAS 1972r2014-01-25 00:00:00tC-1w2014-01-25yBK